Justo a tiempo: la técnica japonesa que genera mayor ventaja competitiva
Saved in:
| Hovedforfatter: | |
|---|---|
| Format: | Bog |
| Sprog: | spansk |
| Udgivet: |
Bogotá
Norma
1989
|
| Serier: | Desarrollo gerencial
|
| Fag: | |
| Tags: |
Tilføj Tag
Ingen Tags, Vær først til at tagge denne postø!
|
MARC
| LEADER | 00000nam a2200000 a 4500 | ||
|---|---|---|---|
| 001 | UCW2238 | ||
| 003 | CL-VaPUC | ||
| 008 | 930720e19890000CK |||||||||||||||||spa|d | ||
| 082 | 0 | 4 | |a 658.5 |b HAY |2 21 |
| 100 | 0 | |a Hay, Edward J |e author |9 306203 | |
| 245 | 1 | 0 | |a Justo a tiempo: la técnica japonesa que genera mayor ventaja competitiva |
| 300 | |a 247 p | ||
| 942 | |c BK | ||
| 945 | |d 19930720 00:00:00 | ||
| 260 | |a Bogotá |b Norma |c 1989 | ||
| 650 | 7 | |a INGENIERIA DE LA PRODUCCION |2 CL-VaPUC |9 262727 | |
| 650 | 0 | |a Producción |x Planificación |9 260672 | |
| 650 | 0 | |a Eficiencia industrial |9 263789 | |
| 583 | |a last modification |c 19930720 00:00:00 |k Rodrigo Vera | ||
| 490 | 0 | |a Desarrollo gerencial | |
| 999 | |c 216831 |d 216829 | ||